Let us learn meditation / (Record no. 134040)

MARC details
000 -LEADER
fixed length control field 00632nam a22002177a 4500
005 - DATE AND TIME OF LATEST TRANSACTION
control field 20170124110220.0
010 ## - LIBRARY OF CONGRESS CONTROL NUMBER
LC control number B-166082
020 ## - INTERNATIONAL STANDARD BOOK NUMBER
Terms of availability 200.00
International Standard Book Number 8188322555
035 ## - SYSTEM CONTROL NUMBER
System control number B-166082
037 ## - SOURCE OF ACQUISITION
Source of stock number/acquisition Cen Lib/ Ret
040 ## - CATALOGING SOURCE
Original cataloging agency DPL
Language of cataloging EN
082 ## - DEWEY DECIMAL CLASSIFICATION NUMBER
Classification number 158.12
Item number NAR
100 ## - MAIN ENTRY--PERSONAL NAME
Personal name Narayan, Arvind
9 (RLIN) 39606
245 ## - TITLE STATEMENT
Title Let us learn meditation /
Statement of responsibility, etc by Arvind Narayan
260 ## - PUBLICATION, DISTRIBUTION, ETC. (IMPRINT)
Place of publication, distribution, etc New Delhi
Name of publisher, distributor, etc Ocean Books
Date of publication, distribution, etc 2005
270 ## - ADDRESS
City New Delhi
Address 4/19 asaf ali road
Postal code 110002
300 ## - PHYSICAL DESCRIPTION
Extent 182p.
Dimensions 21cm(Hb)
650 ## - SUBJECT ADDED ENTRY--TOPICAL TERM
Topical term or geographic name as entry element Meditations
General subdivision
9 (RLIN) 39607
650 ## - SUBJECT ADDED ENTRY--TOPICAL TERM
Topical term or geographic name as entry element Church year meditations
9 (RLIN) 39608
942 ## - ADDED ENTRY ELEMENTS (KOHA)
Source of classification or shelving scheme Dewey Decimal Classification
Koha item type English Books
Classification part 158.12
Call number suffix NAR
Holdings
Withdrawn status Lost status Damaged status Not for loan Home library Current library Date acquired Source of acquisition Cost, normal purchase price Total Checkouts Full call number Barcode Checked out Date last seen Date checked out Copy number Cost, replacement price Price effective from Koha item type
        Central Library Central Library 28/07/2015 Cen Lib/Ret 200.00 6 158.12 NAR B-166082 29/09/2018 15/09/2018 15/09/2018 1 200.00 28/07/2015 English Books

© Delhi Public Library
Hit Counter
free hit counter